000 00469nam a2200181Ia 4500
005 20250326125431.0
008 250326s9999 xx 000 0 und d
037 _aTextbook
040 _aFMSL
_beng
_cFMSL
041 _aeng
_2eng
084 _aY48 P3
_qFMSL
100 _aWard A
_9739078
245 0 _aLeadeship lifecycle
_cWard A
260 _aLondon
_bLondon, Andrew Ward
_c2003
300 _a178p
942 _cTB
_hY48 P3
999 _c1278044
_d1278044